Right to Education In India In 2 Vol Vol 1 History Since 1813 (Record no. 20967)
[ view plain ]
| 000 -LEADER | |
|---|---|
| fixed length control field | 00355nam a22001217a 4500 |
| 008 - FIXED-LENGTH DATA ELEMENTS--GENERAL INFORMATION | |
| fixed length control field | 241018b |||||||| |||| 00| 0 eng d |
| 020 ## - INTERNATIONAL STANDARD BOOK NUMBER | |
| ISBN | 978-81-212-1336-3 |
| 100 ## - MAIN ENTRY--AUTHOR NAME | |
| Personal name | A Mondal & J Mete |
| 245 ## - TITLE STATEMENT | |
| Title | Right to Education In India In 2 Vol Vol 1 History Since 1813 |
| 260 ## - PUBLICATION, DISTRIBUTION, ETC. (IMPRINT) | |
| Place of publication | New Delhi |
| Name of publisher | Gayan Publishing House |
| Year of publication | 2016 |
| 300 ## - PHYSICAL DESCRIPTION | |
| Number of Pages | 280 |
| 942 ## - ADDED ENTRY ELEMENTS (KOHA) | |
| Source of classification or shelving scheme | Dewey Decimal Classification |
| Koha item type | Books |
| Accession Number | Bill Date | Source of acquisition | Price effective from | Koha item type | Withdrawn / writtenoff status | Damaged status | Not for loan | Permanent Location | Current Location | Shelving location | Date acquired | Lost/ Missing status | department |
|---|---|---|---|---|---|---|---|---|---|---|---|---|---|
| LLB 1419 | 14-10-2024 | ABD Publisher | 10/18/2024 | Books | Not For Loan | MIET Library, Jammu | MIET Library, Jammu | 180/1 | 10/17/2024 | BBA LLB |